000 00686nam a22002177a 4500
003 UA-OsUOA
001 112678
007 ta
008 20150721b un ||||| |||| 00| 0 ukr d
100 _aЛазебник Л.
090 _a330(477)
_bЛ17
942 _cSA
040 _aUA-OsUOA
_bukr
_cUA-OsUOA
_dUA-OsUOA
245 _aТенденції формування зовнішнього корпоративного боргу України: загрози і виклики
300 _aС.33-43
955 _a0
041 _aukr
080 _a330(477)
773 0 _w112675
_tБанківська справа
_dК.
_d2015
_g3
650 7 _a330 Економіка взагалі
_2UDC
999 _c398999
_d398999